Central Library OPAC University of Rajshahi

Bismarck and British colonial policy : (Record no. 41927)

MARC details
000 -LEADER
fixed length control field 00854nam a2200241 a 4500
001 - CONTROL NUMBER
control field 41927
003 - CONTROL NUMBER IDENTIFIER
rucl marc code 42045
005 - DATE AND TIME OF LATEST TRANSACTION
control field 20211209053454.0
008 - FIXED-LENGTH DATA ELEMENTS--GENERAL INFORMATION
fixed length control field 160607r19701937paua b 001 0 eng d
035 ## - SYSTEM CONTROL NUMBER
System control number (BD-RjUL)42045
040 ## - CATALOGING SOURCE
Original cataloging agency ANL
Language of cataloging eng
Transcribing agency ANL
Modifying agency BD-RjUL
041 ## - LANGUAGE CODE
Language code of text/sound track or separate title eng
082 04 - DEWEY DECIMAL CLASSIFICATION NUMBER
Classification number 327.43042
Edition number 23
Author mark and year AYB 1970
100 1# - MAIN ENTRY--PERSONAL NAME
Personal name Aydelotte, William Osgood,.
9 (RLIN) 128854
245 10 - TITLE STATEMENT
Title Bismarck and British colonial policy :
Remainder of title the problem of South West Africa, 1883-1885 /
Statement of responsibility, etc. William Osgood Aydelotte
260 ## - PUBLICATION, DISTRIBUTION, ETC. (IMPRINT)
Place of publication, distribution, etc. Philadelphia :
Date of publication, distribution, etc. 1970.
Name of publisher, distributor, etc. Russell and Russell,
300 ## - PHYSICAL DESCRIPTION
Pagination [4], xvii, 207p. :
Illustrations port. ;
Size 23cm.
504 ## - BIBLIOGRAPHY, ETC. NOTE
Bibliography, etc Includes bibliography and index.
651 #0 - SUBJECT ADDED ENTRY--GEOGRAPHIC NAME
Geographic name Namibia
General subdivision History
Chronological subdivision 1884-1915.
9 (RLIN) 128855
Geographic name Germany
General subdivision Foreign relations
Geographic subdivision Great Britain.
9 (RLIN) 128856
Geographic name Great Britain
General subdivision Foreign relations
Geographic subdivision Germany.
9 (RLIN) 128857
942 ## - ADDED ENTRY ELEMENTS (KOHA)
Source of classification or shelving scheme Dewey Decimal Classification
Koha item type Books
Holdings
Lost status Source of classification or shelving scheme Damaged status Not for loan Collection code Permanent Location Current Location Shelving location Date acquired Source of acquisition Total Checkouts Full call number Date last seen Copy number Koha item type
  Dewey Decimal Classification     Non-fiction Central Library, University of Rajshahi Central Library, University of Rajshahi   11/09/1985 Asia foundation   327.43042 AYB 1970 07/06/2016 C-2 Books